00467nam a2200157 a 45000010005000000030005000050050017000100080041000270200015000680400020000831000018001032450077001212600036001985000028002346000047002625036CDMR20130611113349.0130130s1998||||sp |||||||||||||||||cat|d a847727195X aCDMRbcatcCDMR1 aMonzó, Quim10aDel tot indefens davant dels hostils imperis alienígenescQuim Monzó aBarcelonabQuaderns Cremac1998 a3a reimpressió (1998)1 aMonzó, QuimvRecull d'escritsy1993-1997